| 000 | 01749nam a2200469Ia 4500 | ||
|---|---|---|---|
| 001 | sjds1092438 | ||
| 003 | sjds | ||
| 005 | 20240319201130.0 | ||
| 008 | 041105t20042004onca j 000 0 eng d | ||
| 020 | _a088899558X (hard) | ||
| 020 | _a9780888995582 (hard) | ||
| 035 | _a247116 | ||
| 035 | _a(OCoLC)52459904 | ||
| 035 | _a247116 | ||
| 040 |
_aPWmBRO _dUtOrBLW _csjds |
||
| 041 | 1 |
_aeng _aspa _hspa |
|
| 049 | _aIFAB | ||
| 099 | _aESPANOL PICTURE BOOKS ELIAS LUJAN | ||
| 100 | 1 |
_aLujan, Jorge, _eauthor. |
|
| 245 | 1 | 0 |
_aGallo = _bRooster / _cby/por Jorge Lujan ; pictures by/illustado por Manuel Monroy ; translation by/traduccion de Elisa Amado. |
| 246 | 3 | 1 | _aRooster |
| 260 | _aBerkeley, Calif. :Douglas & McIntyre ; distributed in the USA by Publishers Group West, c2004. | ||
| 264 | 1 |
_aToronto ; _aBerkeley, Calif. : _bDouglas & McIntyre, _c[2004] |
|
| 264 | 2 |
_aBerkeley, Calif. : _bDistributed in the USA by Publishers Group West. |
|
| 264 | 4 | _cc2004 | |
| 300 |
_a24 unnumbered pages : _bcolor illustrations ; _c20 x 22 cm |
||
| 336 |
_atext _btxt _2rdacontent |
||
| 337 |
_aunmediated _bn _2rdamedia |
||
| 338 |
_avolume _bnc _2rdacarrier |
||
| 500 | _a"Groundwood books." | ||
| 520 | _aA mythical poem about a rooster and the beginning of dawn and the ending of the day. | ||
| 546 | _aIn English and Spanish. | ||
| 650 | 0 |
_aRoosters _vJuvenile poetry. |
|
| 650 | 0 | _aChildren's poetry, Spanish. | |
| 650 | 0 |
_aSpanish language materials _xBilingual _vJuvenile literature. |
|
| 650 | 7 |
_aGallos _vPoesía juvenil. _2bidex |
|
| 650 | 7 |
_aPoesía infantil espanola. _2bidex |
|
| 650 | 7 |
_aMateriales bilingues en espanol _vLiteratura juvenil. _2bidex |
|
| 700 | 1 | _aMonroy, Manuel. | |
| 700 | 1 | _aAmado, Elisa. | |
| 942 | _cBK | ||
| 999 |
_c21388 _d21388 |
||